Statystyki dla Quiz o Kubie

Kliknij tutaj aby rozwiązać quiz!

Ogólne statystyki

  • Ten quiz został rozwiązany 2 043 razy
  • Średni wynik to 10 z 21

Statystyki odpowiedzi

WskazówkaOdpowiedź% Poprawnych
StolicaHawana
95%
Język urzędowyHiszpański
93%
Kuba graniczy z tym morzemMorze Karaibskie
81%
WalutaPeso
76%
...i z tą zatokąZatoka Meksykańska
68%
Lider rewolucji kubańskiejFidel Castro
65%
Kuba jest częścią tej grupy wyspWielkie {Antyle}
57%
Kryzys zimnej wojny z 1962Kryzys kubański
49%
Zostało to zniesione w 1886 rokuNiewolnictwo
49%
Miejsce nieudanej inwazji
zaplanowanej przez USA
Zatoka Świń
45%
Najpopularniejszy sportBaseball
44%
Noszący beret marksistowski rewolucjonistaChe Guevara
40%
Koktajl robiony z rumu, limonki oraz miętyMojito
40%
Partia polityczna kontrolująca KubęKomunistyczna
34%
Baza marynarki wojennej USA na KubieGuantánamo
31%
Z tej rośliny wytwarza się rumTrzcina cukrowa
29%
Dyktator obalony w 1959 rokuFulgencio Batista
19%
Taniec spopularyzowany przez Péreza Prado
(zaczyna się na M)
Mambo
17%
Największy plac publicznyPlac
{Rewolucji}
14%
Drugie największe miastoSantiago de Cuba
14%
Najbardziej znany kabaret i klub nocny
(zaczyna się na T)
Tropicana
9%

Rozkład punktacji

Percentyl według liczby udzielonych odpowiedzi

Procent ludzi z każdym wynikiem

Twoja historia wyników

Nie rozwiązałeś tego quizu